00856nam a22002295i 450000100060000000300090000600500170001500700030003200800390003502000180007408000200009210000400011224501250015226000340027730000370031165100360034865100410038470000400042585200220046599900170048795201220050410772ES-MaACL20240426111130.0t|941010s1994 sp ||||0| spa a84-7731-172-2 a913(469.411 L.)1 aPessoa, Fernando,d1888-193599145110aLisboa : blo que el turista debe ver / cFernando Pessoa ; introducción y traducción de Rogelio Ordóñez Blanco. aMadrid : bEndymion, c[1994] a83 p., [1] plano pleg ; c20 cm. 4aLisboa-xDescripción.9176372 4aLisboa-vGuías turísticas.989211 aOrdóñez Blanco, Rogelio.9871974 aES-MaACLjL-18179 c10772d10772 00104070aATENEOMbATENEOMcDEPO2d2008-01-17eSCl0oL-18179p1010989r2023-02-23 00:00:00w2023-02-23yMONOGRAFIA